00788nam a22002415a 450000500170000000800410001701000140005802000260007203500130009803500170011103700150012803700220014304000180016508200130018324500730019626000320026927000670030130000280036850000510039665100450044765100330049270000210052520090622161940.0090324s2009 ii a b 001 0 eng  aENG-94187 a9780415481410c845.00 aEN-77720 aB-361830-834 bDBAD / PUB bUppal Book Store  adplbEnglish  a954.7053 aPakistan in regional and global politics /cedited by Rajshree Jetly aNew Delhi bRoutledgec2009 a912-915 Tolstory House, 15-17 Tolstoy MargbNew Delhi e110001 axxxv, 365p. c23cm(Hb)  aIncludes bibliographical references and index  aPakistanxPolitics and Governmenty2001- aPakistanxForeign relations  aJetly, Rajshree